| 000 | 00534nam a2200169 i 4500 | ||
|---|---|---|---|
| 001 | 76537 | ||
| 003 | ES-MaACL | ||
| 005 | 20230906172856.0 | ||
| 007 | t| | ||
| 008 | 041004s1971 sp ||||1| spa d | ||
| 100 | 1 |
_aGuralnick, Walter C. _960970 |
|
| 245 | 1 | 0 |
_aTratado de Cirugía oral / _cWalter C. Guralnick y colaboradores ; [versión, Joaquín Felipe Llinás]. |
| 260 |
_aBarcelona : _bSalvat, _c[1971] |
||
| 300 |
_aXII, 574 p. : _bil. ; _c25 cm. |
||
| 700 | 1 |
_aLlinas, Joaquín. _972786 |
|
| 852 |
_aES-MaACL _jC-37589 _bR.77240 |
||
| 999 |
_c76537 _d76537 |
||